| 000 | 00401pab a2200145 454500 | ||
|---|---|---|---|
| 008 | 180718b2004 xxu||||| |||| 00| 0 eng d | ||
| 100 | _aNandy, Ashis | ||
| 245 | _aThe beautiful, expanding future of poverty: popular economics as a psychological defence | ||
| 260 | _c2004 | ||
| 300 | _ap.94-99. | ||
| 362 | _a3 Jan | ||
| 650 | _aPoverty | ||
| 773 | _aEconomic and Political Weekly | ||
| 909 | _a59131 | ||
| 999 |
_c59131 _d59131 |
||